000 01415nam a2200373 c 4500
003 BLK
005 20240624115351.0
008 180411b bul|||||r ||||||| ||bul||
010 _aKNG00175375000
040 _aBLK
041 _aBUL
_cBUL
072 7 _2bullib
_aК
_xКраезнание
080 _aАвтобуси
_b629.114.5
_x
_z629.114.5
100 _aЧерняев, Христо Иванов
_d1930 - 2021
_gБългарски поет, публицист и писател
_9365420
139 _aЧерняев, Христо Иванов
_bЧ 71
245 1 0 _aПът за автобуси
_b[Очерк за комбината Чавдар - Ботевград]
_cХристо Иванов Черняев.
257 _aBGR
260 София
_bПрофиздат
_c1983
300 _a199 с.
_c17 см
380 _a62
500 _a5 143 тир.
650 4 _aАвтомобилна промишленост
_9146408
651 4 _aБотевград
_9178646
653 _aавтомобилостроене
653 _aавтобуси
653 _aзаводи
659 _aК
852 _aЦб І 20629
856 4 _qpdf
_u
856 4 _qpdf
_u
942 _cKNG
_n0
_01
944 _aCR
_c15.05.2015
_lХристина Везирева
_k30535
944 _aED
_c28.07.2015
_l15.05.2015 - от С1,Р / 15.05.2015
_kВаля_Йорданова
999 _c167564
_d167564